00385nam a2200145Ia 450000500170000000800410001704100120005808200110007010000230008124500360010426000240014050000150016465000360017970000240021520240823044015.0240823s9999||||xx |||||||||||||| ||und|| aENGLISH A344.01 aKirpal Singh Verma 0aCentral Service and Labour Acts c2001bKiran Publica aTRANSFERED aLabour ActsbManagement Studies a Mahinder pal Singh